<?xml version="1.0" encoding="UTF-8"?>
<collection xmlns="http://www.loc.gov/MARC21/slim">
 <record>
  <leader>     na                 </leader>
  <controlfield tag="001">INLIS000000000015089</controlfield>
  <controlfield tag="005">20260202030937</controlfield>
  <datafield tag="035" ind1=" " ind2=" ">
   <subfield code="a">0010-0226000004</subfield>
  </datafield>
  <datafield tag="245" ind1="1" ind2=" ">
   <subfield code="a">Makkah paruh kedua abad ke-19 :</subfield>
   <subfield code="b">kehidupan sehari-hari, adat istiadat, pusta belajar agama, dan kaum muslim Asia Tenggara yang berhaji /</subfield>
   <subfield code="c">C. Snouck Hurgronje</subfield>
  </datafield>
  <datafield tag="100" ind1="0" ind2=" ">
   <subfield code="a">Hurgronje, C. Snouck</subfield>
  </datafield>
  <datafield tag="300" ind1=" " ind2=" ">
   <subfield code="a">482 hlm.; 20 cm.</subfield>
  </datafield>
  <datafield tag="700" ind1="0" ind2=" ">
   <subfield code="a">Yudi Santoso (Penerjemah)</subfield>
  </datafield>
  <datafield tag="260" ind1=" " ind2=" ">
   <subfield code="a">Yogyakarta :</subfield>
   <subfield code="b">IRCiSoD,</subfield>
   <subfield code="c">2024</subfield>
  </datafield>
  <datafield tag="082" ind1=" " ind2=" ">
   <subfield code="a">297.415 7</subfield>
  </datafield>
  <datafield tag="084" ind1=" " ind2=" ">
   <subfield code="a">297.415 7 HUR m</subfield>
  </datafield>
  <datafield tag="020" ind1=" " ind2=" ">
   <subfield code="a">978-623-8108-71-8</subfield>
  </datafield>
  <datafield tag="650" ind1=" " ind2=" ">
   <subfield code="a">Makkah</subfield>
  </datafield>
  <controlfield tag="008">260202                d          0 ind  </controlfield>
  <datafield tag="500" ind1=" " ind2=" ">
   <subfield code="a">Judul asli: Mekka in the latter part of the 19th century vol.I</subfield>
  </datafield>
  <datafield tag="520" ind1=" " ind2=" ">
   <subfield code="a">Secara keseluruhan, buku ini adalah karya monumental memadukan narasi observatif, riset disipliner, dan dokumentasi asli sebagai pintu gerbang memahami Makkah bukan hanya sebagai kota suci, tetapi juga laboratorium sosial-budaya interregional. Meskipun ada kritik atas pendekatan dan bias etnis, kontribusinya tetap sangat bernilai bagi sejarawan, antropolog, akademisi Islam, dan pembaca awam yang ingin menelusuri kehidupan Makkah secara autentik di era pra-modern.&#13;
&#13;
Buku ini sangat direkomendasikan bagi para akademisi dan peneliti sejarah/antropologi Islam, selain itu baik juga untuk mahasiswa studi Asia Tenggara dan Timur Tengah, selanjutnya untuk pembaca yang mengejar perspektif historis berbeda dari umum dan kolektor dokumentasi visual sejarah Islam.</subfield>
  </datafield>
  <datafield tag="990" ind1=" " ind2=" ">
   <subfield code="a">025.4945/PC/25</subfield>
  </datafield>
  <datafield tag="990" ind1=" " ind2=" ">
   <subfield code="a">025.4946/PC/25</subfield>
  </datafield>
  <datafield tag="990" ind1=" " ind2=" ">
   <subfield code="a">025.4947/PC/25</subfield>
  </datafield>
 </record>
</collection>
